<?xml version="1.0" encoding="UTF-8"?>
<record
    xmlns:xsi="http://www.w3.org/2001/XMLSchema-instance"
    xsi:schemaLocation="http://www.loc.gov/MARC21/slim http://www.loc.gov/standards/marcxml/schema/MARC21slim.xsd"
    xmlns="http://www.loc.gov/MARC21/slim">

  <leader>01426nam a2200253Ia 4500</leader>
  <controlfield tag="003">OSt</controlfield>
  <controlfield tag="005">20250625103413.0</controlfield>
  <controlfield tag="008">210210b1990   xxu||||| |||| 00| 0 eng d</controlfield>
  <datafield tag="040" ind1=" " ind2=" ">
    <subfield code="c">AL</subfield>
  </datafield>
  <datafield tag="041" ind1=" " ind2=" ">
    <subfield code="a">Kannada</subfield>
  </datafield>
  <datafield tag="082" ind1=" " ind2=" ">
    <subfield code="a">K894.109 SANI</subfield>
  </datafield>
  <datafield tag="100" ind1=" " ind2=" ">
    <subfield code="a">SANKALIYA (H D)</subfield>
    <subfield code="d">&#xCB8;&#xC82;&#xC95;&#xCBE;&#xCB2;&#xCBF;&#xCAF;&#xCBE; &#xC8E;&#xC9A;&#xCCD;.&#xCA1;&#xCBF;</subfield>
    <subfield code="9">215996</subfield>
  </datafield>
  <datafield tag="245" ind1=" " ind2=" ">
    <subfield code="a">Itihasada kannalli ramayana.</subfield>
    <subfield code="b">&#xC87;&#xCA4;&#xCBF;&#xCB9;&#xCBE;&#xCB8;&#xCA6; &#xC95;&#xCA3;&#xCCD;&#xCA3;&#xCB2;&#xCCD;&#xCB2;&#xCBF; &#xCB0;&#xCBE;&#xCAE;&#xCBE;&#xCAF;&#xCA3;</subfield>
  </datafield>
  <datafield tag="260" ind1=" " ind2=" ">
    <subfield code="a">Bengaluru</subfield>
    <subfield code="b">Navakarnataka Prakashana</subfield>
    <subfield code="c">1990</subfield>
  </datafield>
  <datafield tag="300" ind1=" " ind2=" ">
    <subfield code="a">174</subfield>
  </datafield>
  <datafield tag="520" ind1=" " ind2=" ">
    <subfield code="a">&#xCB0;&#xCBE;&#xCAE;-&#xCB8;&#xCC0;&#xCA4;&#xCC6;&#xCAF;&#xCB0; &#xC95;&#xCA5;&#xCA8;&#xCB5;&#xCA8;&#xCCD;&#xCA8;&#xCC1; &#xC87;&#xCA4;&#xCBF;&#xCB9;&#xCBE;&#xCB8;&#xCA6; &#xC85;&#xCA6;&#xCC1; &#xC98;&#xC9F;&#xCBF;&#xCB8;&#xCBF;&#xCA6; &#xCB8;&#xCAE;&#xCAF;&#xCBE;&#xCA8;&#xCC1;&#xCB8;&#xCBE;&#xCB0;&#xCB5;&#xCBE;&#xC97;&#xCBF; &#xCB0;&#xCBE;&#xCAE;&#xCBE;&#xCAF;&#xCA3;&#xCB5;&#xCA8;&#xCCD;&#xCA8;&#xCC1; &#xCA8;&#xCA1;&#xCC6;&#xCA6; &#xC95;&#xCBE;&#xCB2;&#xCAE;&#xCBE;&#xCA8; &#xCB5;&#xCA8;&#xCCD;&#xCA8;&#xCC1; &#xCB9;&#xCBE;&#xC97;&#xCC2; &#xCB0;&#xCBE;&#xCAE;&#xCBE;&#xCAF;&#xCA3;&#xCA6; &#xC95;&#xCC1;&#xCB0;&#xCBF;&#xCA4;&#xCC1; &#xCB5;&#xCBF;&#xCB6;&#xCCD;&#xCB2;&#xCC7;&#xCB7;&#xCA3;&#xCC6;&#xCAF;&#xCA8;&#xCCD;&#xCA8;&#xCC1; &#xC88; &#xC95;&#xCC3;&#xCA4;&#xCBF;&#xCAF;&#xCC1; &#xC9A;&#xCBF;&#xCA4;&#xCCD;&#xCB0;&#xCBF;&#xCB8;&#xCBF;&#xCA6;&#xCC6;. &#xCB8;&#xC82;&#xC95;&#xCBE;&#xCB2;&#xCBF;&#xCAF;&#xCBE; &#xC8E;&#xC9A;&#xCCD;.&#xCA1;&#xCBF;. &#xC85;&#xCB5;&#xCB0;&#xCC1; &#xCB0;&#xC9A;&#xCBF;&#xCB8;&#xCBF;&#xCA6; &#xC88; &#xC95;&#xCC3;&#xCA4;&#xCBF;&#xCAF;&#xCA8;&#xCCD;&#xCA8;&#xCC1; &#xCAE;&#xCB9;&#xCBE;&#xCAC;&#xCB2;&#xCC7;&#xCB6;&#xCCD;&#xCB5;&#xCB0; &#xCB0;&#xCBE;&#xCB5;&#xCCD;&#x200C; &#xC85;&#xCB5;&#xCB0;&#xCC1; &#xC95;&#xCA8;&#xCCD;&#xCA8;&#xCA1;&#xC95;&#xCCD;&#xC95;&#xCC6; &#xC85;&#xCA8;&#xCC1;&#xCB5;&#xCBE;&#xCA6;&#xCBF;&#xCB8;&#xCBF;&#xCA6;&#xCCD;&#xCA6;&#xCBE;&#xCB0;&#xCC6;.</subfield>
  </datafield>
  <datafield tag="650" ind1=" " ind2=" ">
    <subfield code="a">ramayana.</subfield>
    <subfield code="9">215997</subfield>
  </datafield>
  <datafield tag="650" ind1=" " ind2=" ">
    <subfield code="a">kannalli</subfield>
    <subfield code="9">215998</subfield>
  </datafield>
  <datafield tag="650" ind1=" " ind2=" ">
    <subfield code="a">Itihasada</subfield>
    <subfield code="9">215999</subfield>
  </datafield>
  <datafield tag="690" ind1=" " ind2=" ">
    <subfield code="a">Kannada Poetry Criticism</subfield>
    <subfield code="9">216000</subfield>
  </datafield>
  <datafield tag="700" ind1=" " ind2=" ">
    <subfield code="a">Mahabaleshwara Rao</subfield>
    <subfield code="d">&#xCAE;&#xCB9;&#xCBE;&#xCAC;&#xCB2;&#xCC7;&#xCB6;&#xCCD;&#xCB5;&#xCB0; &#xCB0;&#xCBE;&#xCB5;&#xCCD;&#x200C; tr</subfield>
    <subfield code="9">216001</subfield>
  </datafield>
  <datafield tag="906" ind1=" " ind2=" ">
    <subfield code="a">043973</subfield>
  </datafield>
  <datafield tag="942" ind1=" " ind2=" ">
    <subfield code="2">ddc</subfield>
    <subfield code="c">BK</subfield>
  </datafield>
  <datafield tag="999" ind1=" " ind2=" ">
    <subfield code="c">93346</subfield>
    <subfield code="d">93346</subfield>
  </datafield>
  <datafield tag="952" ind1=" " ind2=" ">
    <subfield code="0">0</subfield>
    <subfield code="1">0</subfield>
    <subfield code="2">ddc</subfield>
    <subfield code="4">0</subfield>
    <subfield code="7">0</subfield>
    <subfield code="8">KAN</subfield>
    <subfield code="a">AL</subfield>
    <subfield code="b">AL</subfield>
    <subfield code="c">Kannada Literature</subfield>
    <subfield code="d">2021-02-17</subfield>
    <subfield code="g">18.00</subfield>
    <subfield code="l">0</subfield>
    <subfield code="o">K894.109 SANI</subfield>
    <subfield code="p">043973</subfield>
    <subfield code="r">2021-02-17 00:00:00</subfield>
    <subfield code="w">2021-02-17</subfield>
    <subfield code="y">BK</subfield>
  </datafield>
</record>
